| 000 | 01212cam a22001814a 4500 | ||
|---|---|---|---|
| 005 | 20250605164358.0 | ||
| 008 | 250528s ||||||||||||||||||||||||d | ||
| 035 | _a24422 | ||
| 040 |
_aGR-AtMCL _bgre _dGR-AtMCL _eAACR2 |
||
| 245 | 1 | _aΤο ΕΚΤ στην Αιχμή της Ψηφιακής Εποχής | |
| 260 |
_bΚαινοτομία Έρευνα Και Τεχνολογία, _c2019 |
||
| 300 | _a32 | ||
| 520 | _aΟι Δαπάνες των Επιχειρήσεων για Έρευνα και Ανάπτυξη το 2018 Ξεπέρασαν το 1 Δις Ευρώ, GovTech Summit 2019: Ψηφιακή Οικονομία και Σύγχρονη Διακυβέρνηση και Αξιοποίηση των Ψηφιακών Τεχνολογιών, Open School Journals for Open Science: Ένα Επιστημονικό Περιοδικό για Μαθητές Διαθέσιμο στην Πλατφόρμα eJournals του ΕΚΤ, Διάκριση Ελληνικής Εταιρείας σε Πρόγραμμα του ΕΙΤ Health και με την Υποστήριξη του ΕΚΤ. | ||
| 700 | 1 |
_aΣαχίνη Εύη _99352 |
|
| 942 | _cCR | ||
| 999 |
_c9305 _d9305 |
||